| 000 | 00607pam a2200181 a 4500 | ||
|---|---|---|---|
| 020 | _a0133374114 | ||
| 082 | 0 | 0 |
_a620/.0078 _bWHE _cL-39, P-8 |
| 100 | 1 |
_aWheeler, Anthony J. _940585 |
|
| 245 | 1 | 0 |
_aIntroduction to engineering experimentation / _cAnthony J. Wheeler, Ahmad R. Ganji. |
| 260 |
_aEnglewood Cliffs, N.J. : _bPrentice Hall, _cc1996. |
||
| 300 |
_axiii, 417 p. : _bill. ; _c25 cm. |
||
| 526 |
_a0 _b0 _c0 _d620_007800000000000_WHE |
||
| 650 | 0 |
_aEngineering _xExperiments. _940586 |
|
| 650 | 0 |
_aExperimental design. _910527 |
|
| 650 | 0 |
_aMCE _9379 |
|
| 700 | 1 |
_aGanji, A. R. _940587 |
|
| 942 |
_2ddc _cBK |
||
| 999 |
_c544842 _d544842 |
||